Aletheia: (Record no. 125323)
[ view plain ]
| 000 -LEADER | |
|---|---|
| fixed length control field | 00474nam a22001457a 4500 |
| 008 - FIXED-LENGTH DATA ELEMENTS--GENERAL INFORMATION | |
| fixed length control field | 160923b xxu||||| |||| 00| 0 eng d |
| 050 ## - LIBRARY OF CONGRESS CALL NUMBER | |
| Classification number | BD111 A6 1977 |
| 100 ## - MAIN ENTRY--PERSONAL NAME | |
| Personal name | Seifert, Josef (ed.) |
| 9 (RLIN) | 26098 |
| 245 ## - TITLE STATEMENT | |
| Title | Aletheia: |
| Remainder of title | an international journal of philosophy |
| 260 ## - PUBLICATION, DISTRIBUTION, ETC. (IMPRINT) | |
| Place of publication, distribution, etc | Texas |
| Name of publisher, distributor, etc | University of Dallas Press |
| Date of publication, distribution, etc | 1977 |
| 300 ## - PHYSICAL DESCRIPTION | |
| Extent | 230p. |
| 440 ## - SERIES STATEMENT/ADDED ENTRY--TITLE | |
| Title | Aletheia: an international journal of philosophy |
| Number of part/section of a work | vol. 1 |
| 9 (RLIN) | 26099 |
| 650 ## - SUBJECT ADDED ENTRY--TOPICAL TERM | |
| Topical term or geographic name as entry element | Metaphysics |
| 9 (RLIN) | 26100 |
| 942 ## - ADDED ENTRY ELEMENTS (KOHA) | |
| Source of classification or shelving scheme | Library of Congress Classification |
| Item type | Monograph ( Printed materials) |
| Withdrawn status | Lost status | Source of classification or shelving scheme | Damaged status | Not for loan | Home library | Current library | Date acquired | Total Checkouts | Full call number | Barcode | Date last seen | Price effective from | Koha item type |
|---|---|---|---|---|---|---|---|---|---|---|---|---|---|
| Library of Congress Classification | ARRUPE LIBRARY | ARRUPE LIBRARY | 23/09/2016 | BD111 A6 1977 | 46003013354 | 23/09/2016 | 23/09/2016 | Monograph ( Printed materials) |